Normal view MARC view
  • Kapon, Eli

Entry Personal Name

Number of records used in: 1

001 - CONTROL NUMBER

  • control field: 61060

003 - CONTROL NUMBER IDENTIFIER

  • control field: NUST

005 - DATE AND TIME OF LATEST TRANSACTION

  • control field: 20210628202701.0

008 - FIXED-LENGTH DATA ELEMENTS

  • fixed length control field: 210628|| aca||aabn | a|a d

040 ## - CATALOGING SOURCE

  • Original cataloging agency: NUST
  • Transcribing agency: NUST

100 ## - HEADING--PERSONAL NAME

  • Personal name: Kapon, Eli

670 ## - SOURCE DATA FOUND

  • Source citation: Work cat.: (NUST): Kapon, Eli, Semiconductor lasers -2 materials and structures, 2006
© 2023 Central Library, National University of Sciences and Technology. All Rights Reserved.